• 首页
  • 本馆介绍
  • 公告通知
  • 最新文献
  • 馆藏检索
  • 电子资源
  • 读者导购
  • 参考咨询
  • 我的图书馆
  • 登录
  • 详细信息显示
  • 放入我的书架
  • 预约/预借图书
  • 作者相关作品
  • 分类相关作品
  • 丛书相关作品
  • 出版社相关作品

书目信息

  • 表格格式
  • 工作单格式
  • 卡片格式
题名:
秦皇父子
    
 
作者: 霍达 著
分册:  
出版信息: 北京   人民文学出版社  2009
页数: 666页
开本: 21cm
丛书名:
单 册:
中图分类: I235.1 , I235.2
科图分类:
主题词: 电影文学剧本--中国--现代--选集 , 电视文学剧本--中国--现代--选集 , 电影文学剧本 , 电视文学剧本
电子资源:
ISBN: 978-7-02-007255-2
000 00944nam0 2200301 450
001 100428598084
005 20110223084452.60
010    @a978-7-02-007255-2@dCNY36.00
035    @a004225906
100    @a20090728d2009 em y0chiy0110 ea
101 0  @achi
102    @aCN@b110000
105    @aa z 000by
106    @ar
200 1  @a秦皇父子@9qin huang fu zi@f霍达著
210    @a北京@c人民文学出版社@d2009
215    @a666页@c照片@d21cm
300    @a中国当代作家·霍达系列
330    @a本书收录有《秦皇父子》、《飘然太白》、《江州司马》、《我不是猎人》、《失落的明珠》、《保姆》、《红尘》等影视剧本。
606 0  @a电影文学剧本@y中国@z现代@j选集
606 0  @a电视文学剧本@y中国@z现代@j选集
606 0  @a电影文学剧本
606 0  @a电视文学剧本
690    @aI235.1@v4
690    @aI235.2@v4
701  0 @c(回)@a霍达@9huo da@c(女,@f1945~)@4著
801  0 @aCN@bNLC@c20110223
905    @b205986726-762@h598672-76@dI235.1@e181@f5
    
    秦皇父子/霍达著.-北京:人民文学出版社,2009
    666页:照片;21cm
    中国当代作家·霍达系列
    
    ISBN 978-7-02-007255-2:CNY36.00
    本书收录有《秦皇父子》、《飘然太白》、《江州司马》、《我不是猎人》、《失落的明珠》、《保姆》、《红尘》等影视剧本。
●
相关链接 在E读中查询图书 在五车中查询图书 在当当中查询图书 在豆瓣中查询图书


正题名:秦皇父子     索取号:I235.1/181         预约/预借

序号 登录号 条形码 馆藏地/架位号 状态 备注
1 598672   205986726   第一样本阅览室/ [索取号:I235.1/181] 在馆    
2 598673   205986735   第二借阅区/ [索取号:I235.1/181] 在馆    
3 598674   205986744   第二借阅区/ [索取号:I235.1/181] 在馆    
4 598675   205986753   第二借阅区/ [索取号:I235.1/181] 在馆    
5 598676   205986762   第二借阅区/ [索取号:I235.1/181] 在馆    
唐山师范学院图书馆 欢迎您!
大连网信软件有限公司© 版权所有